书目信息 |
| 题名: |
钢结构手册
|
|
| 作者: | 舒立茨, , 索贝克, , 哈伯曼, 著 ;殷福新 译 | |
| 分册: | ||
| 出版信息: | 大连 大连理工大学出版社 2004.06 |
|
| 页数: | 397页 | |
| 开本: | 31cm | |
| 丛书名: | ||
| 单 册: | ||
| 中图分类: | TU391-62 | |
| 科图分类: | ||
| 主题词: | 钢结构--手册 | |
| 电子资源: | ||
| ISBN: | 7-5611-2463-5 | |
| 000 | 01158nam0 2200289 450 | |
| 001 | 0147085669 | |
| 005 | 20050624093151.73 | |
| 010 | @a7-5611-2463-5@b精装@dCNY240.00 | |
| 100 | @a20050216d2004 km y0chiy0120 ea | |
| 101 | 1 | @achi@cger |
| 102 | @aCN@b210000 | |
| 105 | @aa a 000yy | |
| 200 | 1 | @a钢结构手册@Agang jie gou shou ce@d= Steel construction manual@f舒立茨, 索贝克, 哈伯曼著@Fshu li ci,suo bei ke,ha bo man zhu@g殷福新等译@Gyin fu xin deng yi@zeng |
| 210 | @a大连@c大连理工大学出版社@d2004.06 | |
| 215 | @a397页@c图@d31cm | |
| 304 | @a本书责任者还有: 车轶, 司炳君, 王立成, 吴学奎。 | |
| 320 | @a有书目 (第386-389页)。 | |
| 330 | @a本书回顾了钢结构的历史发展过程,审视了钢材的物理特性、建筑用钢与大量钢构件的使用原则及其应用,还介绍了54个工程实例。 | |
| 510 | @aSteel construction manual@zeng | |
| 606 | 0 | @a钢结构@x手册 |
| 690 | @aTU391-62@v4 | |
| 701 | 1 | @a舒立茨,@Ashu li ci,@bH.C.@g(Schulitz, Helmut C.)@4著 |
| 701 | 1 | @a索贝克,@Asuo bei ke,@bW.@g(Sobek, Werner)@4著 |
| 701 | 1 | @a哈伯曼,@Aha bo man,@bK.J.@g(Habermann, Karl J.)@4著 |
| 702 | 0 | @a殷福新@Ayin fu xin@4译 |
| 801 | 0 | @c20050624 |
| 905 | @a10447@dTU391-62@eS640 | |
| 钢结构手册= Steel construction manual/舒立茨, 索贝克, 哈伯曼著/殷福新等译.-大连:大连理工大学出版社,2004.06 |
| 397页:图;31cm |
| ←并列题名:Steel construction manual |
| ISBN 7-5611-2463-5(精装):CNY240.00 |
| 本书回顾了钢结构的历史发展过程,审视了钢材的物理特性、建筑用钢与大量钢构件的使用原则及其应用,还介绍了54个工程实例。 |
| ● |
| 相关链接 |
|
|
|
正题名:钢结构手册
索取号:TU391-62/S640
 
预约/预借
| 序号 | 登录号 | 条形码 | 馆藏地/架位号 | 状态 | 备注 |
| 1 | 520926 | 205209264 | 建筑库101/101建筑库 90排3列2层/ [索取号:TU391-62/S640] | 在馆 | |
| 2 | 520927 | 205209273 | 建筑库101/101建筑库 90排3列2层/ [索取号:TU391-62/S640] | 在馆 |